000
00422nam a22001817a 4500
003
MPLRDC
005
20220104114041.0
008
210129b ||||| |||| 00| 0 eng d
082
_a
841 QY-6
100
_a
嘉元编著
245
_a
屈原
_c
250
_a
初版
260
_a
_b
商务印书馆
_c
1978
300
_b
平
490
_a
中学生文库
650
_a
中国文学别集--屈原
942
_c
BK
_o
841 QY-6
999
_c
4415
_d
4405